00349nam a2200121Ia 4500008004100000082002000041100002300061245002200084260003000106300001000136630001800146650006300164211109s9999||||xx |||||||||||||| ||und|| a494.8125bRAJ-K aRajarajavarma, A R 0aKerala Panineeyam bD c BooksaKottayamc1996 a335p. xGeneral stack aMalayalam Language vMalayalam grammar xLanguageGeneralia